Optimization of finite dimensional structures /

Bibliographic Details
Main Author: Ohsaki, Makoto, 1960 (Author)
Corporate Author: Taylor & Francis
Format: eBook
Language:English
Published: Boca Raton : Taylor and Francis, 2011.
Subjects:
Online Access:Connect to the full text of this electronic book

MARC

Tag First Indicator Second Indicator Subfields
LEADER 00000cam a2200000Ii 4500
001 in00004581663
006 m o d
007 cr |n|||||||||
008 180331s2011 flu ob 001 0 eng d
005 20220613175943.9
020 |a 9780429094415  |q (e-book : PDF) 
020 |z 9781439820032  |q (hardback) 
020 |z 9781138113657  |q (paperback) 
024 7 |a 10.1201/EBK1439820032   |2 doi 
035 |a (OCoLC)668448323 
035 |a 9780429094415 
050 4 |a TA658.8  |b .O678 2011 
082 0 4 |a 624.17713  |b O38 
100 1 |a Ohsaki, Makoto,  |d 1960,  |e author. 
245 1 0 |a Optimization of finite dimensional structures /  |c Makoto Ohsaki. 
264 1 |a Boca Raton :  |b Taylor and Francis,  |c 2011. 
300 |a 1 online resource (439 pages) 
336 |a text  |b txt  |2 rdacontent 
337 |a computer  |b c  |2 rdamedia 
338 |a online resource  |b cr  |2 rdacarrier 
500 |a A CRC title. 
505 0 |a chapter 1 Various Formulations of Structural Optimization -- chapter 2 Design Sensitivity Analysis -- chapter 3 Topology Optimization of Trusses -- chapter 4 Conguration Optimization of Trusses -- chapter 5 Optimization of Building Frames -- chapter 6 Optimization of Spatial Trusses and Frames. 
650 0 |a Structural optimization. 
650 0 |a Finite element method. 
655 7 |a Electronic books.  |2 local 
710 1 |a Taylor & Francis. 
730 0 |a MATHnetBASE. 
776 0 8 |i Print version:   |z 9781439820032 
856 4 0 |u http://proxy.library.tamu.edu/login?url=https://www.taylorfrancis.com/books/9781439820049  |z Connect to the full text of this electronic book  |t 0 
999 f f |s abc06b44-f2ce-47d9-87e4-6c8c94207710  |i abc06b44-f2ce-47d9-87e4-6c8c94207710  |t 0 
952 f f |a Texas A&M University  |b College Station  |c Electronic Resources  |d Available Online  |t 0  |e TA658.8 .O678 2011  |h Library of Congress classification 
998 f f |a TA658.8 .O678 2011  |t 0  |l Available Online